00417nam a22001217a 450000500170000000800410001704000070005804100080006508200180007324501380009126000410022970000250027020240319101411.0240319b ||||| |||| 00| 0 eng d cAL aeng 223a331bIMPA aImpact of Organisational Climate Towards Morale and Performance of The Employees:bA Case of Cochin Refineries Ltd Ambalamugal Kerala aMangalorebSt Aloysius Collegec1997 aMATHEW (Sachin Alex)